Aprovechamiento de las piedras semipreciosas de Nicaragua aplicando ingeniería en sistemas

El estudio monográfico Aprovechamiento de las piedras semipreciosas de Nicaragua, aplicando ingeniería de sistemas, ha sido desarrollado con el propósito de determinar un sistema de solución que permita el aprovechamiento de las piedras. El estudio está compuesto por siete capítulos, el primer...

Full description

Bibliographic Details
Main Authors: Chávez Gumucio, Olivia Krystel, Martínez Cárdenas, Gustavo Ernesto, Vega Rodríguez, Roger Eduardo
Other Authors: Tutor: Aguilera López, Roberto José
Format: Tesis Section = Libro
Language:Undetermined
Spanish
Published: Managua UNI 2003
Subjects:
LEADER 01531nam a2200277Ia 4500
008 240830s9999 xx 000 0 und d
040 |a BIBLIOTECA-RUPAP Mon 658.404 CH512 
041 |a spa 
082 |a Mon 658.404 CH512 
100 1 |a Chávez Gumucio, Olivia Krystel 
100 1 |b  Martínez Cárdenas, Gustavo Ernesto 
100 1 |c  Vega Rodríguez, Roger Eduardo 
245 1 0 |a Aprovechamiento de las piedras semipreciosas de Nicaragua aplicando ingeniería en sistemas 
260 |a Managua  |b UNI  |c 2003 
300 |a 356 p. :il. 
500 |a Contiene: anexos e Incluye: CD. 
502 |a Tesis (Ingeniero de Sistemas)- UNI, 2003. 
520 3 |a El estudio monográfico Aprovechamiento de las piedras semipreciosas de Nicaragua, aplicando ingeniería de sistemas, ha sido desarrollado con el propósito de determinar un sistema de solución que permita el aprovechamiento de las piedras. El estudio está compuesto por siete capítulos, el primero contiene el proceso de búsqueda del sistema óptimo, a partir del cual se analiza detalladamente la situación problemática y se formula un sistema de solución para satisfacerla. Los restantes del dos al siete contienen las alternativas del sistema solución. 
650 7 |a INGENIERÍA DE SISTEMAS 
650 7 |b ADMINISTRACIÓN DE PROYECTOS 
650 7 |c PIEDRAS PRECIOSAS 
650 7 |d INFORMACIÓN - SISTEMAS DE ALMACENAMIENTO Y RECUPERACIÓN 
700 1 |a Tutor:  |b Aguilera López, Roberto José 
942 |c BK  |2 ddc 
991 |a TESIS 
999 |c 17334